1832 1486 1326 1888 1359 1045 1491 1183 1277 1517 1329 1035 1123 1741 1849 1128 1845 1584 1223 1785 1338 1362 1947 1459 1696 1769 1220 1980 1166 1012 1834 1695 1755 1849 1751 1560 1464 1919 1467 1634 1353 1187 1207 1917 1888 1388 1068 1399 1362 1801 1882 1201 1283 1756 1497 1914 1794 1424 1268 1375 1269 1876 1847 1161 1523 1321 1323 1751 1643 1356 1897 1991 1370 1692 1755 1793 1830 1361 1944 1885 1485 1871 1728 1413 1128 1511 1038 1716 1916 1046 1473 1694 1507 1979 1578 1917 1068 1871 1410 BCNSPRNW ULIB Ver.6.0+V

เปลี่ยนเป็นภาษาไทย

Change to English
 แสดงรายละเอียดบรรณานุกรม
  กลับหน้าหลัก

Brief Record : Get Marc (ISO 2709) : E-mail record : QR code < ปิดหน้าต่าง
LEADER : 00000nam 2200000uu 4500
001    13399120644
003     ULIB
008    121002s2548||||th 000 0 tha d
020    ^a9746132288 (ล.1)
050  0 ^a BL2075^bส719อ ล.1
110 2  ^aมหาวิทยาลัยสุโขทัยธรรมาธิราช
245 10 ^aความเชื่อและศาสนาในสังคมไทย หน่วยที่1-7=^bBeliefs and religions in Thai society /^cมหาวิทยาลัยสุโขทัยธรรมาธิราช
246 31 ^aBeliefs and religions in Thai society
250    ^aพิมพ์ครั้งที่ 7
260    ^aนนทบุรี :^bสำนักพิมพ์มหาวิทยาลัยสุโขทัยธรรมาธิราช,^c2548
300    ^a2 ล. ;^c30 ซม.
500    ^aเอกสารการสอนชุดวิชา 12304 หน่วยที่ 1-7, 8-15 -- หน้าปกใน
650  7 ^aความเชื่อ
650  7 ^aศาสนา^xไทย
650  7 ^aศาสนากับสังคม
945    ^p0^l0^i24412
995    ^aวิภา
999 ^a ใช้งานได้ทุกระบบ
รายการนี้ยังไม่มีแท็ก
คุณยังไม่ได้ล็อกอิน คุณสามารถมีกิจกรรมร่วมกับเว็บไซต์ได้ แต่ต้องล็อกอินก่อน ::
  ล็อกอิน

รายการสื่อสารสนเทศ

ลำดับที่ ประเภท เลขเรียก/บาร์โค้ด สถานที่ สถานะ
1. วิทยาศาสตร์การแพทย์ และสุขภาพ
วิทยาศาสตร์การแพทย์ และสุขภาพ
BL2075 ส719อ ล.1  
  Barcode: 24412
ห้องสมุดวิทยาเขตสวรรค์ประชารักษ์
►หนังสือทั่วไป
บนชั้น

รายการใกล้เคียง
    หัวเรื่อง [ความเชื่อ]
    หัวเรื่อง [ศาสนากับสังคม]

BibComment


ยังไม่เคยถูกคอมเมนท์

คอมเมนท์ทรัพยากรรายการนี้
  คอมเมนท์: ความเชื่อและศาสน..


 Copyright 2026. Bcnsprnw @Library